000 00789nam a2200265 c 4500
003 BLK
005 20210623173728.0
008 180408b bul|||||r ||||||| ||bul||
010 _aKNG00042787000
020 _a2-07-056832-6
_bиздат.: Gallimard
040 _aBLK
041 _aFRE
_cFRE
080 _aМузика
_b78
_x
_z78
139 _aLa musique des instruments
_bL 10
245 1 0 _aLa musique des instruments
_bDes flutes en os de la prehistoire jusqu'aux guitares electriques
260 Paris
_bGallimard
_c1994
300 _a46 c
_bс ил.
_c23Х20 см
380 _a7
490 1 _aLes Racines du Savoir
_v4
852 _aЦб Д
856 4 _qpdf
_u
856 4 _qpdf
_u
942 _cKNG
_n0
_02
944 _aCR
_c15.01.2003
_kAB_DOS
944 _aED
_c08.02.2017
_kИвелин_Попов
999 _c39434
_d39434